000 01254ngm a22003010a 4500
001 PT15248
003 AR-LpoUNG
005 20210202000142.0
007 vd cvaizq
008 191001s1959||||ag |||||||||||||||||eng d
037 _c$6.6
040 _aAR-LpoUNG
_bspa
_cAR-LpoUNG
_eaacr
041 _aeng
_aspa
044 _aag
082 0 _a303.3 434hir
100 1 _aResnais, Alain
_edir.
245 1 0 _aHiroshima mon amour
260 _aBuenos Aires :
_bVideo Colleccion,
_c[1959].
300 _aVHS (90 min.) : son., byn
505 0 _aDiálogos en inglés, subtítulos en castellano
520 _aUna actriz francesa vive su última noche en Hiroshima acompañada, en su habitación de hotel, por su amante japonés. Lo que podría ser una simple aventura es un momento de gran intensidad emocional y que le hace revivir un amor imposible que sucedió en Nevers -Francia- años atrás. La fugaz relación amorosa se convierte en un proceso introspectivo por el cual la mujer revela sus sentimientos íntimos y hace partícipe a su compañero de su reconstrucción del pasado, hasta ese instante oculto.
650 4 _aFRANCIA
650 4 _aJAPON
650 4 _aRELACIONES HUMANAS
653 _aVIDEOS
905 _a15248
942 _cVIDEO
999 _c54211
_d54211